MARC

LEADER 00000nam0a2200000 4500
001 244486
005 20231101232043.0
035 |a (RuTPU)RU\TPU\book\265870 
090 |a 244486 
100 |a 20131023d1926 m y0rusy50 ca 
101 0 |a rus 
102 |a RU 
105 |a a z 000zy 
200 1 |a В поисках радия  |f Н. М. Федоровский 
210 |a Ленинград  |c Научное химико-техническое издательство  |d 1926 
215 |a 79 с.  |c ил. 
316 |5 63413507: 179460  |a Поступила в НТБ в 1940 г. в составе книжного собрания академика М. А. Усова. 
610 1 |a радий 
610 1 |a научно-популярная литература 
610 1 |a библиотека М. А. Усова 
675 |a 553.495  |v 3 
700 1 |a Федоровский  |b Н. М.  |c российский минералог  |c основоположник прикладной минералогии  |f 1886-1956  |g Николай Михайлович  |2 stltpush  |3 (RuTPU)RU\TPU\pers\30367  |9 14712 
801 1 |a RU  |b 63413507  |c 20131023 
801 2 |a RU  |b 63413507  |c 20131023  |g RCR 
942 |c BK